000 00759nam a2200229Ii 4500
003 JO-AjNU
008 230605s9999||||xx |||||||||||||| ||und||
017 _a23/0790
020 _a9960-672-84-0
040 _aJO-AjNU
_bara
_erda
_cJO-AjNU
041 _aara
050 1 4 _aDS284 2002
100 3 _aدار السلام، الرياض,
_eauthor
_949034
245 0 0 _aتاريخ المدنية المنورة: كتاب مختصر وجامع لأحوال المدينة المنورة
250 _aط1
264 3 1 _aالرياض: دار السلام، 2002
300 _a136ص
336 _atext
_btxt
_2rdacontent
337 _aunmediated
_bn
_2rdamedia
338 _avolume
_bnc
_2rdacarrier
650 4 _aالدينة المنورة-تاريخ
_949035
999 _aA21512
_c25080
_d25080